|
|
|
|
| LEADER |
00752nam a22002292a 4500 |
| 001 |
000260907 |
| 003 |
CZ BrMZK |
| 005 |
20140901101025.0 |
| 007 |
ta |
| 008 |
980105s1958 xr f spa d |
| 015 |
|
|
|a cnb000450680
|
| 035 |
|
|
|a (OCoLC)30503082
|
| 040 |
|
|
|a ABA001
|b cze
|c KLG001
|d ABA001
|d BOA001
|
| 041 |
1 |
|
|a spa
|h cze
|
| 100 |
1 |
|
|a Lamač, Miroslav,
|d 1928-1992
|7 js20030428017
|4 aut
|
| 245 |
1 |
0 |
|a Arte contemporáneo checoslovaco /
|c Miroslav Lamač ; vertido del checo al espaňol por César Arróquez
|
| 260 |
|
|
|a Praga :
|b Orbis,
|c 1958
|
| 300 |
|
|
|a 139 s. ;
|c příč. 8°
|
| 910 |
|
|
|a BOA001
|b 2-0400.980
|
| 990 |
|
|
|a BK
|
| 991 |
|
|
|b 201408
|
| 996 |
6 |
|
|b 2619882480
|c 2-0400.980
|l MZK
|r Sklad / do 24 hodin
|n 2
|w 000260907
|u 000010
|a 1
|e BOA001
|j MZK50
|s P
|